000 00850nam a2200253 a 4500
001 000004737
005 20200929151508.0
008 760507s1967 sp 000 0 spa
040 _aDO-SdBNP
_cTxShA
_dDLC
041 1 7 _aspa
_hfre
_2Código de idioma MARC
082 _ann*
_bD238t
100 1 _aDaudet, Alphonse,
_d1840-1897.
_913777
240 0 _aTartarin sur les alpes.
_lEspañol
245 1 0 _aTartarin en los alpes /
_cAlphonse Daudet; traducción, Teresa Doménech.
260 _aBarcelona :
_bRamon Sopena,
_c1967.
300 _a142 p. ;
_c18 cm.
490 1 _aBiblioteca Sopena
534 _aTítulo original:
_tTartarin sur les alpes
650 4 _aNovela francesa
_91075
650 4 _aLiteratura francesa
_91074
700 1 _aDoménech, Teresa,
_etr.
_913778
830 0 _aBiblioteca Sopena
_912815
910 _aCatalogación por copia / LC
999 _c4543
_d4543